| 000 | 00467 a2200193 4500 | ||
|---|---|---|---|
| 005 | 20250219164342.0 | ||
| 008 | 250219b |||||||| |||| 00| 0 eng d | ||
| 020 |
_a9788121942805 _cRs. 950.00 |
||
| 040 | _aMAIN | ||
| 082 |
_a382 _bB469I |
||
| 100 | _aBhalla, V K | ||
| 245 | _aInternational business | ||
| 260 |
_bS Chand _c2024 _aNoida |
||
| 300 | _axxi, 1114 | ||
| 650 | _aInternational Business | ||
| 650 | _aBusiness | ||
| 650 | _aCommerce | ||
| 942 | _cBK | ||
| 999 |
_c361400 _d361400 |
||